• 首页
  • 本馆介绍
  • 公告通知
  • 最新文献
  • 馆藏检索
  • 电子资源
  • 读者荐购
  • 参考咨询
  • CALIS
  • 我的图书馆
  • 登录
  • 详细信息显示
  • 放入我的书架
  • 预约/预借图书
  • 作者相关作品
  • 分类相关作品
  • 丛书相关作品
  • 出版社相关作品

书目信息

  • 表格格式
  • 工作单格式
  • 卡片格式
题名:
3D3S结构设计入门与提高
    
 
作者: 杨韶伟 编著
分册:  
出版信息: 北京   中国建筑工业出版社  2025.04
页数: 247页
开本: 26cm
丛书名: 结构设计新形态丛书
单 册:
中图分类: TU391.04
科图分类:
主题词: 钢结构--gang jie gou--结构设计
电子资源:
ISBN: 978-7-112-30601-5
 
 
 
 
 
000 01137nam 2200265 450
001 89197
005 20250814085822.96
010    @a978-7-112-30601-5@dCNY78.00
100    @a20250417d2025 em y0chiy50 ea
101 0  @achi
102    @aCN@b110000
105    @aa a 000yy
106    @ar
200 1  @a3D3S结构设计入门与提高@A3D3S jie gou she ji ru men yu ti gao@f杨韶伟编著
210    @a北京@c中国建筑工业出版社@d2025.04
215    @a247页@c图@d26cm
225 2  @a结构设计新形态丛书@Ajie gou she ji xin xing tai cong shu
320    @a有书目 (第247页)
330    @a本书主要内容包括: 空间结构概念设计与3D3S软件介绍 ; 平板网架结构3D3S计算分析与设计 ; 管桁架结构3D3S计算分析与设计 ; 高耸结构3D3S计算分析与设计 ; 户外广告牌类结构3D3S计算分析与设计 ; 空间钢连廊结构3D3S计算分析与设计 ; 曲面网架结构3D3S计算分析与设计 ; 网壳结构3D3S计算分析与设计 ; 旋转楼梯钢结构3D3S计算分析与设计 ; 空间钢结构节点设计。
410  0 @12001 @a结构设计新形态丛书
606 0  @a钢结构@Agang jie gou@x结构设计
690    @aTU391.04@v5
701  0 @a杨韶伟@Ayang shao wei@4编著
801  0 @aCN@c20250909
905    @a河南城建学院图书馆@dTU391.04@eY260@f1
    
    3D3S结构设计入门与提高/杨韶伟编著.-北京:中国建筑工业出版社,2025.04
    247页:图;26cm.-(结构设计新形态丛书)
    
    
    ISBN 978-7-112-30601-5:CNY78.00
    本书主要内容包括: 空间结构概念设计与3D3S软件介绍 ; 平板网架结构3D3S计算分析与设计 ; 管桁架结构3D3S计算分析与设计 ; 高耸结构3D3S计算分析与设计 ; 户外广告牌类结构3D3S计算分析与设计 ; 空间钢连廊结构3D3S计算分析与设计 ; 曲面网架结构3D3S计算分析与设计 ; 网壳结构3D3S计算分析与设计 ; 旋转楼梯钢结构3D3S计算分析与设计 ; 空间钢结构节点设计。
●
相关链接 在E读中查询图书 在当当中查询图书 在豆瓣中查询图书


正题名:3D3S结构设计入门与提高     索取号:TU391.04/Y260         预约/预借

序号 登录号 条形码 馆藏地/架位号 状态 备注
1 1623159   216231593   建筑库101/101建筑库 91排1列4层/ [索取号:TU391.04/Y260] 在馆    
河南城建学院图书馆 欢迎您!
大连网信软件有限公司© 版权所有